LDR 00706naa#a2200169#i#450# 001 EN\\bibl\117232 005 20260430172804.4 011 ## _a1994-4683 100 ## _a20260429b2026####ek#y0engy0150####ca 102 ## _aRU 200 1# _aAssociations of affective experience with the urge to engage in physical culture and sports: a cluster-based typology of students’ affective profiles _eJournal article 210 1# _aMoscow _cNational State University of Physical Education, Sports and Health named after P.F. Lesgaft _d2026 215 ## _a9 с. 608 ## _aJournal article _2local 675 ## _aЗабота о здоровье в вузах. 378.17 _z 700 #1 _aMoment _gArtem Vladimirovich 856 4# _auchzapiski.lesgaft.spb.ru _u